| 000 | 00336nam a22001337a 4500 | ||
|---|---|---|---|
| 003 | OSt | ||
| 008 | 250212b |||||||| |||| 00| 0 eng d | ||
| 020 | _a9789348140999 | ||
| 100 | _aGarage, Anjali | ||
| 245 | _aMeal Magic | ||
| 260 |
_aNew Delhi: _bNaples Indian Publication: _c2024. |
||
| 650 | _aFaculty Publication | ||
| 942 |
_2ddc _cBK |
||
| 999 |
_c13115 _d13115 |
||